[Event "BL 2016-17"]
[Site "Berlin"]
[Date "2017.05.01"]
[Round "15"]
[White "Hoffmann, Michael"]
[Black "Schramm, Christian"]
[Result "1/2-1/2"]
[WhiteElo "2457"]
[BlackElo "2377"]
[Annotator "TA"]
[PlyCount "41"]
[EventDate "2017.??.??"]
[EventType "team-tourn"]
[EventCountry "GER"]
[SourceTitle "playchess.com"]
[Source "ChessBase"]
[SourceQuality "1"]
[WhiteTeam "Aufwärts Aachen"]
[BlackTeam "Zugzwang München"]

{[%evp 15,41,7,19,0,15,12,25,12,31,44,44,23,35,38,38,27,27,23,29,28,39,21,23,18,36,29,33,25]} 1. d4 Nf6 2. c4 e6 3. Nc3 Bb4 4. Qc2 O-O 5. Nf3 d5 6. a3 Bxc3+ 7. Qxc3 dxc4 8. Qxc4 b6 9. Bg5 {E36: Nimzo-Indian: Classical: 4...d5 5 a3} Ba6 10. Qa4 h6 ({Relevant:} 10... Qd7 11. Qc2 c5 12. dxc5 Rc8 13. Bxf6 gxf6 14. Rd1 Qe7 15. Qe4 Qxc5 16. e3 Bxf1 17. Kxf1 {½-½ (46) So,W (2770)-Nakamura,H (2787) Bilbao 2016}) 11. Bh4 {White has an edge.} Qd7 12. Qc2 Rc8 $146 ({Predecessor (9):} 12... c5 13. Bxf6 gxf6 14. Rd1 Rc8 15. Qe4 cxd4 16. Nxd4 Qa4 {½-½ (27) Vazquez Igarza,R (2602)-Gundavaa,B (2500) Jakarta 2013}) 13. Rd1 Qc6 14. Qxc6 Nxc6 15. Bxf6 gxf6 16. e3 Bb7 17. Rc1 Ne7 18. Be2 c5 19. dxc5 Rxc5 20. Rxc5 bxc5 21. Kd2 1/2-1/2

[Event "BL 2016-17"]
[Site "Berlin"]
[Date "2017.05.01"]
[Round "15"]
[White "Baldauf, Marco"]
[Black "Carlstedt, Jonathan"]
[Result "1/2-1/2"]
[WhiteElo "2456"]
[BlackElo "2450"]
[Annotator "TA"]
[PlyCount "146"]
[EventDate "2017.??.??"]
[EventType "team-tourn"]
[EventCountry "GER"]
[SourceTitle "playchess.com"]
[Source "ChessBase"]
[SourceQuality "1"]
[WhiteTeam "SF Berlin"]
[BlackTeam "Hamburger SK"]

{[%evp 9,145,22,20,0,52,52,68,60,51,54,57,26,87,79,77,67,63,58,99,104,110,71,62,71,79,58,123,126,127,105,157,154,137,63,70,70,86,83,81,74,59,68,70,58,74,77,72,70,71,42,70,68,97,97,110,93,112,108,131,104,152,150,162,162,205,206,175,148,159,156,152,92,146,93,93,93,96,102,93,80,80,73,80,76,92,81,96,84,92,82,57,0,0,0,25,8,141,8,8,0,8,8,8,8,8,8,8,0,0,-8,-8,-8,-8,-8,-8,-26,-29,-322,-322,-322,-322,-322,-8,-8,-8,-8,-8,-8,-8,-8,-8,-8,-8,-8,-8,-8,-8,-65]} 1. d4 Nf6 2. Nf3 e6 3. Bf4 c5 4. e3 {[%cal Be2e3,Be3f4][%mdl 32]} Qb6 5. Nc3 Nc6 {LiveBook: 11 Games. A46: 1 d4 Nf6 2 Nf3 e6: Torre, London and Colle Systems} (5... a6 6. Na4 Qa5+ 7. c3 cxd4 8. exd4 d6 9. b4 Qd8 10. c4 Be7 11. Be2 O-O 12. a3 Nc6 13. O-O Bd7 {1-0 (43) Bauer,C (2623)-Riff,J (2499) Berlin 2015}) 6. Be2 Nh5 (6... Qxb2 $11 7. Nb5 Nd5) 7. d5 $14 Nxf4 {White is slightly better.} (7... Qxb2 $2 8. Nb5 (8. Na4 Qa3 9. c4 Nxf4 10. exf4 Nb4 $17) 8... Nxf4 9. exf4 Qb4+ 10. Qd2 Qxd2+ 11. Kxd2 exd5 12. Nc7+ Kd8 13. Nxa8 $18) 8. exf4 Nd4 (8... Qxb2 $2 9. Nb5 Qb4+ 10. Qd2 Qxd2+ 11. Kxd2 exd5 12. Nc7+ Kd8 13. Nxa8 $18) 9. O-O $1 Bd6 $146 ({Predecessor:} 9... Be7 10. Bd3 O-O 11. Re1 Qxb2 12. Re3 f5 13. Ng5 Bxg5 14. fxg5 Qxc3 15. Bxf5 {0-1 (23) Limontas,M (2277)-Szymanski,M (2408) Pardubice 2006}) 10. Qd2 Qb4 (10... Nxe2+ $11 {remains equal.} 11. Nxe2 O-O) 11. g3 $16 O-O 12. a3 Nxe2+ (12... Qxb2 $2 13. Nxd4 Qb6 14. Rab1 $18) 13. Qxe2 Qa5 14. Rad1 Be7 15. Ne5 d6 16. Nc4 Qa6 17. a4 Bd7 (17... Bf6 $1 $14) 18. b3 Rae8 19. Qd3 Bf6 ({Black should try} 19... Rd8) 20. dxe6 $1 Bxe6 21. Nd5 (21. Nxd6 $16 Qxd3 22. Rxd3) 21... Bd4 22. Nc7 $1 {[%cal Rc7a6]} Qc6 $1 23. Nxe6 ({But not} 23. Nxe8 Bh3 24. Ne3 Rxe8 $15) 23... Rxe6 24. c3 Bf6 25. Ne3 Rfe8 26. Nd5 Bd4 27. Qc4 Bf6 28. Qb5 $36 {[%mdl 2048] White has some pressure.} Bd8 29. Rd2 Qc8 30. Qd3 Re4 31. Ne3 Bc7 32. Kg2 a6 33. Rfd1 h6 34. h4 b6 35. Qd5 Qd7 36. Qb7 Qc8 37. Qxc8 Rxc8 38. Nd5 Bd8 39. Kf3 Re6 40. Re2 (40. Ne3 $142) 40... Kf8 (40... Rxe2 $142 41. Kxe2 Kf8) 41. Rde1 ({White should play} 41. Ne3) 41... Rxe2 42. Rxe2 {[%mdl 4096] Endgame KRB-KRN} Rb8 43. h5 b5 44. axb5 Rxb5 45. Ra2 a5 46. Ra3 c4 47. bxc4 Rb2 48. Ra1 Ke8 49. Re1+ Kd7 50. Re2 (50. f5 $14) 50... Rxe2 $11 51. Kxe2 {KB-KN} Kc6 52. Kd3 Kc5 {[#]} (52... g6 $11) 53. Ne3 (53. f5 $1 $16) 53... a4 54. Kc2 (54. Nf5 $5 {[%cal Rf5g7]} Bf6 55. Kc2 $11) 54... Bf6 55. Nf5 d5 (55... Kxc4 $6 56. Nxd6+ Kd5 57. Nxf7 $16) 56. cxd5 Kxd5 57. f3 Kc5 58. Kb2 Kc4 59. Nd6+ Kd3 60. Nxf7 {Black should prevent Ne5+.} Bxc3+ 61. Ka3 Ke3 62. g4 (62. Kxa4 Kxf3 63. Kb3 Bf6 $17) 62... Kxf4 63. Kxa4 $2 {[%mdl 8192] [#]} (63. g5 $1 $11 {and White has nothing to worry.}) 63... Bf6 $1 $19 ({Inferior is} 63... Kxf3 64. g5 $11) 64. Kb3 Kxf3 65. Kc2 Bg5 $2 (65... Kf4 $19 66. Kd3 Kxg4) 66. Nd6 $1 $11 Kxg4 (66... Bh4 {seems wilder.} 67. Ne8 Bf6 68. Kd2 Ba1 69. Ke1 Bc3+) 67. Ne8 Kxh5 (67... Bf6 $5 {[%cal Rg4h5]} 68. Kd2 Kf3 $17) 68. Nxg7+ Kg4 {Hoping for ...Bf6.} 69. Kd1 Bf6 70. Ke2 Bxg7 71. Kf1 Kg3 {( -> ...Bd4)} 72. Kg1 Bd4+ 73. Kh1 Bc5 $2 {[%mdl 8192] Precision: White = 76%, Black = 50%.} (73... Kg4) 1/2-1/2

[Event "BL 2016-17"]
[Site "Berlin"]
[Date "2017.05.01"]
[Round "15"]
[White "Schenk, Andreas"]
[Black "Cyborowski, Lukasz"]
[Result "1/2-1/2"]
[WhiteElo "2453"]
[BlackElo "2532"]
[Annotator "TA"]
[PlyCount "45"]
[EventDate "2017.??.??"]
[EventType "team-tourn"]
[EventCountry "GER"]
[SourceTitle "playchess.com"]
[Source "ChessBase"]
[SourceQuality "1"]
[WhiteTeam "Bayern München"]
[BlackTeam "SG Trier"]

{[%evp 21,45,20,23,25,19,21,28,22,12,20,35,12,19,24,15,18,13,27,30,17,39,0,0,0,65,0]} 1. d4 Nf6 2. c4 e6 3. Nc3 d5 4. Nf3 c5 5. cxd5 Nxd5 6. e4 Nxc3 7. bxc3 cxd4 8. cxd4 Bb4+ 9. Bd2 Bxd2+ 10. Qxd2 O-O 11. Bc4 Nd7 12. O-O {D41: Queen's Gambit Declined: Semi-Tarrasch with 5 cxd5} b6 13. a4 Bb7 14. Rfe1 {White has an edge.} ({Relevant:} 14. Bd3 e5 15. Qe3 exd4 16. Nxd4 Nc5 17. Bc2 Re8 18. f3 Qf6 19. a5 Rad8 {1-0 (63) Carlsen,M (2855)-Kramnik,V (2812) Paris 2016}) 14... Nf6 15. Bd3 h6 16. a5 bxa5 17. Rxa5 Qc7 18. Rc5 Qe7 19. h3 Rfc8 20. Ra5 $36 {[%mdl 2048] White is more active.} Qc7 21. Rc5 $146 ({Predecessor:} 21. Qa2 Qf4 22. d5 exd5 23. e5 Ne4 {1-0 (49) Nechaeva,M (2406)-Sukhareva,E (2151) Moscow 2017}) 21... Qe7 22. Ra5 (22. Re5 $11) 22... Qc7 $14 23. Rc5 (23. Ne5 $14) 1/2-1/2

[Event "BL 2016-17"]
[Site "Berlin"]
[Date "2017.05.01"]
[Round "15"]
[White "Tischbierek, Raj"]
[Black "Banusz, Tamas"]
[Result "1/2-1/2"]
[WhiteElo "2450"]
[BlackElo "2613"]
[Annotator "TA"]
[PlyCount "60"]
[EventDate "2017.??.??"]
[EventType "team-tourn"]
[EventCountry "GER"]
[SourceTitle "playchess.com"]
[Source "ChessBase"]
[SourceQuality "1"]
[WhiteTeam "TU Dresden"]
[BlackTeam "Hockenheim"]

{[%evp 16,60,-4,-8,-6,-6,-6,-6,-6,-9,0,-4,0,0,0,0,0,0,0,0,0,0,0,0,0,0,0,0,47,53,90,88,89,0,0,0,0,0,0,0,0,0,0,0,0,0,0]} 1. e4 e5 2. Nc3 Nf6 3. g3 d5 4. exd5 Nxd5 5. Bg2 Nxc3 6. bxc3 Nc6 7. Nf3 Bc5 8. O-O O-O 9. Re1 Bg4 {[%cal Bc8g4,Bg4h5,Bh5g6][%mdl 32] C47: Scotch Four Knights and Four Knights with 4 g3} 10. h3 Bh5 11. g4 Bg6 {Black wants to play ...e4.} 12. d3 (12. Nxe5 Nxe5 13. d4 f5 14. g5 f4 15. dxc5 Qxg5 16. Qd5+ Nf7 17. Qxg5 Nxg5 {½-½ (60) Howell,D (2655)-Matlakov,M (2701) Caleta 2017}) 12... f5 $146 (12... e4 13. dxe4 Qxd1 14. Rxd1 Bxe4 15. Nd4 Rfe8 16. Be3 Na5 17. Bxe4 Rxe4 {0-1 (53) Brustkern,J (2288)-Brandner,S (2295) Austria 2002}) 13. Be3 Bxe3 14. Rxe3 fxg4 15. hxg4 (15. Nxe5 $2 Nxe5 16. Rxe5 gxh3 17. Bxb7 (17. Bxh3 $2 Rxf2 18. Kxf2 Qf6+ 19. Kg1 Qxe5 $17) 17... Qf6 $17) 15... Rf4 16. Nxe5 Nxe5 17. Rxe5 Qf6 18. Qe2 $1 (18. Bxb7 Rf8 19. Re3 (19. Bd5+ Kh8 20. Re3 Rxf2 $17) 19... Rxf2 $17) 18... Rxg4 19. Qxg4 Qxe5 20. Qd4 Qe2 21. Rb1 Rf8 {White should prevent ...b6.} 22. Rxb7 Qd1+ 23. Bf1 Qd2 24. Rxc7 (24. Rxa7 Qg5+ 25. Bg2 Qc1+ 26. Kh2 Qh6+ 27. Kg1 (27. Bh3 Bf5 28. Qd5+ Kh8 $14) 27... Qc1+ 28. Kh2 Qh6+ 29. Kg1 (29. Bh3 Bf5 30. Qd5+ Kh8 $14) 29... Qc1+ $14) (24. Qc4+ $16 Kh8 25. Qc5) 24... Qg5+ $11 {The position is equal.} 25. Bg2 {[%csl Gc7][%cal Rd4g7] [#]} Qc1+ $1 26. Kh2 {[%csl Gc7][%cal Rd4g7]} Qh6+ 27. Bh3 Bf5 28. Qe3 {Black must now prevent Qxh6.} Qd6+ 29. Qg3 Qh6 30. Qe3 {[#] Hoping for Qxh6.} Qd6+ 1/2-1/2

[Event "BL 2016-17"]
[Site "Berlin"]
[Date "2017.05.01"]
[Round "15"]
[White "Nemeth, Miklos"]
[Black "Predojevic, Borki"]
[Result "1/2-1/2"]
[WhiteElo "2449"]
[BlackElo "2616"]
[Annotator "TA"]
[PlyCount "57"]
[EventDate "2017.??.??"]
[EventType "team-tourn"]
[EventCountry "GER"]
[SourceTitle "playchess.com"]
[Source "ChessBase"]
[SourceQuality "1"]
[WhiteTeam "Speyer-Schwegenheim"]
[BlackTeam "Solingen"]

{[%evp 27,40,2,21,6,29,29,33,18,37,29,22,34,80,82,85]} 1. e4 c5 2. Nf3 Nc6 3. d4 cxd4 4. Nxd4 e6 5. Nc3 Qc7 6. Be2 a6 7. O-O Nf6 8. Be3 Be7 9. f4 d6 10. Qe1 O-O 11. Qg3 Nxd4 12. Bxd4 b5 13. a3 {[%cal Ba2a3,Ba3a4][%mdl 32]} Bb7 14. Kh1 Rad8 15. Rae1 {B85: Sicilian Scheveningen: 6 Be2 a6, lines with early Be3} Rd7 16. Bd3 Re8 17. a4 (17. Re2 h6 18. f5 e5 19. Be3 Kh7 20. Qf3 d5 21. exd5 Rxd5 22. Be4 Rd7 23. Bxb7 Qxb7 24. Qxb7 Rxb7 25. Rd1 Rc8 26. Nd5 Nxd5 27. Rxd5 a5 28. g3 Bf6 29. c3 {½-½ (29) Wagner,D (2568)-Rublevsky,S (2681) Germany 2017}) 17... b4 18. Na2 a5 19. c3 b3 20. Nc1 Bc6 21. e5 $146 Nh5 22. Qg4 g6 23. f5 exf5 24. Bxf5 Rdd8 25. Be6 Rf8 26. Bxb3 dxe5 27. Rxe5 Ng7 28. Re2 Bd5 29. Bxg7 {1-0 (29) Sanchez Jerez,E (2258)-Goormachtigh,J (2152) Benidorm 2014} 1/2-1/2

[Event "BL 2016-17"]
[Site "Berlin"]
[Date "2017.05.01"]
[Round "15"]
[White "Maiwald, Jens-Uwe"]
[Black "Buhmann, Rainer"]
[Result "1/2-1/2"]
[WhiteElo "2448"]
[BlackElo "2609"]
[Annotator "TA"]
[PlyCount "90"]
[EventDate "2017.??.??"]
[EventType "team-tourn"]
[EventCountry "GER"]
[SourceTitle "playchess.com"]
[Source "ChessBase"]
[SourceQuality "1"]
[WhiteTeam "TU Dresden"]
[BlackTeam "Hockenheim"]

{[%evp 17,90,13,12,0,0,-19,0,-7,2,-7,0,-23,0,0,-8,-12,0,-62,-76,-66,-52,-41,-16,-20,-18,-21,22,0,0,-13,25,41,54,53,74,62,62,72,83,83,77,30,32,6,6,6,7,7,8,0,0,0,0,0,0,0,0,0,0,0,0,0,0,0,0,0,77,77,81,81,81,81,66,42,35]} 1. Nf3 d5 2. g3 Nd7 3. Bg2 e5 4. d3 Ngf6 5. O-O c6 6. c4 dxc4 7. dxc4 Be7 8. Nc3 O-O 9. Qc2 Re8 {LiveBook: 4 Games. A54: Old Indian Defence with Nf3, but without e4} 10. h3 Qc7 11. Rd1 a5 {The position is equal.} 12. b3 Bf8 13. Be3 Nc5 $146 ({Predecessor:} 13... Bc5 14. Bxc5 Nxc5 15. e4 Qb6 16. Rab1 Qb4 17. Ne1 a4 {0-1 (56) Vujadinovic,G (2388)-Runic,Z (2374) Neum 2004}) 14. a3 h6 15. Rab1 Be6 16. g4 Bc8 17. Bxc5 (17. b4 $11 axb4 18. axb4) 17... Bxc5 $15 18. b4 axb4 19. axb4 Bf8 20. e3 g6 21. Nd2 h5 22. Nde4 $36 {[%mdl 2048] White has good play.} Qe7 23. g5 Nh7 24. h4 $1 Bg4 25. Rd2 Red8 26. Rxd8 Rxd8 27. b5 Qe6 28. bxc6 bxc6 29. Rb6 (29. c5 $5 {is interesting.} Bh3 30. Bf3 Be7 31. Rb7 Nf8 32. Qa4) 29... Qxc4 30. Rxc6 Qxc6 {[#]} 31. Nf6+ $1 {[%mdl 512] [#]} Qxf6 $1 (31... Nxf6 32. Bxc6) 32. gxf6 Nxf6 33. Qa2 Be6 34. Qa5 Rc8 35. Bf3 ({Much worse is} 35. Qxe5 Ng4 36. Qa5 Rc5 $17) 35... Rc5 36. Qd8 Kg7 37. Ne4 Nxe4 38. Bxe4 Rc4 39. Bf3 Bb4 {[#]} 40. Bxh5 $1 {[%mdl 512]} Rc1+ (40... gxh5 $5 41. Qg5+ $8 Kf8 42. Qd8+ Kg7 43. Qg5+ Kh8 44. Qxh5+ Kg8 45. Qg5+ Kf8 46. Qd8+ Kg7 47. Qg5+ Kh8 48. Qxe5+ Kh7 $11) 41. Kg2 Rc2 (41... gxh5 $11 {remains equal.} 42. Qg5+ Kf8) 42. Qb8 $16 Be7 43. Qxe5+ Bf6 {[#]} 44. Qg3 $1 Rc4 45. Be2 Rxh4 1/2-1/2

[Event "BL 2016-17"]
[Site "Berlin"]
[Date "2017.05.01"]
[Round "15"]
[White "Beerdsen, Thomas"]
[Black "Bacrot, Etienne"]
[Result "0-1"]
[WhiteElo "2446"]
[BlackElo "2696"]
[Annotator "TA"]
[PlyCount "66"]
[EventDate "2017.??.??"]
[EventType "team-tourn"]
[EventCountry "GER"]
[SourceTitle "playchess.com"]
[Source "ChessBase"]
[SourceQuality "1"]
[WhiteTeam "Mülheim Nord"]
[BlackTeam "Baden-Baden"]

{[%evp 14,66,63,40,69,59,79,65,65,43,42,21,78,50,92,10,35,-67,-49,-22,-47,-79,-79,-119,-118,-131,-45,-45,-52,-65,-16,-164,-154,-175,-140,-151,-95,-235,-227,-235,-235,-232,-216,-217,-231,-227,-231,-227,-227,-357,-264,-271,-279,-258,-243]} 1. e4 g6 2. d4 d6 3. Nc3 Bg7 4. Be3 a6 5. a4 b6 6. Qd2 Bb7 {B06: Modern Defence} 7. f3 ({Relevant:} 7. h4 Nf6 8. f3 Nbd7 9. g4 h6 10. Be2 c5 11. d5 Ne5 12. Nh3 Qc7 13. Nf2 Bc8 14. Rg1 {1-0 (38) Onischuk,V (2613)-Stefanova,A (2505) Almaty 2016}) 7... Nd7 8. Bc4 {LiveBook: 8 Games} c6 {White is slightly better.} 9. h4 $146 ({Predecessor (5):} 9. Nh3 e6 10. O-O Ne7 11. Bh6 O-O 12. Bxg7 Kxg7 13. Nf4 d5 14. Bb3 {1-0 (37) Dudzinski,P (2379)-Zgadzaj,R (2142) Poronin 2016}) 9... b5 10. Ba2 (10. axb5 axb5 11. Rxa8 Qxa8 $11) 10... Ngf6 11. g4 h6 12. Nge2 Nb6 (12... b4 $11 {remains equal.}) 13. Nf4 h5 14. Qg2 (14. Qd3 $16) 14... hxg4 (14... Nxa4 $2 15. gxh5 d5 16. hxg6 $18) (14... Nc4 $5 {looks sharper.} 15. Bxc4 bxc4 16. g5 Nd7 17. Qe2 d5) 15. e5 (15. fxg4 $14 Qc8 16. g5) 15... dxe5 $15 16. dxe5 Nfd5 17. Ncxd5 Nxd5 18. Bxd5 cxd5 19. e6 Qd6 (19... f5 $1 $17 {And now ...d4 would win.} 20. fxg4 Bxb2 21. gxf5 Rg8) 20. Qxg4 Bxb2 21. Rb1 Bc3+ 22. Kf1 (22. Bd2 $1 $11 {and White stays safe.} Qc6 23. Bxc3 (23. exf7+ Kxf7 24. axb5 axb5 $17) 23... Qxc3+ 24. Kf2) 22... Rf8 23. h5 g5 $1 $36 {[%mdl 2048] Keeping White busy.} 24. Ne2 {[#]} Bh8 ({Black should try} 24... d4 $1 {[%cal Rd4e3]} 25. Bxg5 d3 26. Nxc3 dxc2) 25. axb5 (25. Qxg5 $2 fxe6 26. Qg4 d4 27. Nxd4 Bxd4 28. Qxd4 Qg3 $19) (25. Bd4 $17 {was called for.}) 25... fxe6 $19 ({Not} 25... Qxe6 26. Qxg5 (26. Bxg5 Qxg4 27. fxg4 Rg8 $17) 26... axb5 27. Bd4 $15 (27. Rxb5 $2 Bf6 28. Qf4 Ra1+ 29. Bc1 Be5 $19)) 26. bxa6 Bxa6 {Strongly threatening ...Qe5.} (26... Qxa6 27. Rb6 Qa7 28. Qxg5 Rxf3+ 29. Kg2 Rxe3 30. Qxe3 d4+ 31. Rxb7 Qxb7+ 32. Qf3 Qxf3+ 33. Kxf3 $17) 27. Rb6 Qc7 28. Qa4+ Qd7 29. Qxd7+ Kxd7 30. Kf2 {[#]} g4 $1 {[%cal Bg5g4,Bg4g3][%mdl 32]} 31. Nf4 (31. f4 {is the only way for White.}) 31... Rxf4 32. Bxf4 {aiming for Rb8.} Bd4+ 33. Be3 {[#]} g3+ $1 {[%mdl 512]} 0-1

[Event "BL 2016-17"]
[Site "Berlin"]
[Date "2017.05.01"]
[Round "15"]
[White "Neef, Maximilian"]
[Black "Wagner, Dennis"]
[Result "1-0"]
[WhiteElo "2438"]
[BlackElo "2577"]
[Annotator "TA"]
[PlyCount "215"]
[EventDate "2017.??.??"]
[EventType "team-tourn"]
[EventCountry "GER"]
[SourceTitle "playchess.com"]
[Source "ChessBase"]
[SourceQuality "1"]
[WhiteTeam "TU Dresden"]
[BlackTeam "Hockenheim"]

{[%evp 24,215,-15,-7,14,0,72,60,77,75,81,79,65,9,9,9,77,77,75,92,88,91,85,64,91,52,59,40,32,14,14,14,19,16,73,55,56,21,171,177,168,176,166,166,160,166,156,146,180,137,139,119,118,120,115,102,29967,29967,29964,29965,29965,29968,29968,29969,29971,29972,29972,29973,29973,29974,29971,485,485,485,485,485,485,485,485,485,485,485,485,485,485,485,485,485,485,485,485,485,485,485,485,485,285,287,214,178,116,99,85,108,485,485,485,485,485,485,485,485,485,485,485,480,485,485,485,485,478,471,471,458,456,456,449,449,435,442,424,352,487,497,466,460,2071,4269,3885,1812,2272,1291,4618,4618,4569,4602,5254,4244,4152,1129,29968,29967,29960,29965,29966,29971,29973,29974,29974,29975,29970,29975,29975,29976,29988,29976,29976,29979,29979,29977,29975,29971,29979,29973,29973,29974,29974,29972,29971,29971,29980,29981,29984,29985,29985,29985,29985,29986,29986,29986,29986,29987,29989,29990]} 1. d4 d5 2. Bf4 c5 3. e3 Nc6 4. c3 Nf6 5. Nd2 e6 6. Ngf3 Bd6 7. Bg3 O-O 8. Bd3 b6 9. Qe2 {D02: 1 d4 d5 2 Nf3 sidelines, including 2...Nf6 3 g3 and 2...Nf6 3 Bf4} (9. Ne5 Bb7 10. O-O Qc7 11. f4 Ne7 12. Qb1 Qc8 13. Bh4 Nf5 14. Bxf5 exf5 15. Bxf6 gxf6 16. Nef3 Qe6 17. Re1 Ba6 18. Nh4 cxd4 19. exd4 {1-0 (28) Korobov,A (2692)-Dominguez Perez,L (2739) Doha 2016}) 9... Bb7 10. Rd1 Re8 11. e4 Be7 12. e5 Nh5 13. a3 {LiveBook: 7 Games} a5 14. Nf1 {[%cal Bd2f1,Bf1e3,Be3g4][%mdl 32]} f5 $146 (14... c4 $11 15. Bc2 b5) (14... g6 15. Ne3 c4 16. Bb1 b5 {1-0 (33) Kamsky,G (2637)-Tran,T (2468) St Petersburg 2016}) 15. exf6 $1 $16 Bxf6 16. Ne3 g6 {[%cal Rc5d4]} 17. Ng4 Bg7 18. O-O (18. Bb5 $14) 18... Nxg3 $11 19. hxg3 Qe7 (19... e5 $11 {keeps the balance.} 20. dxe5 (20. Nfxe5 cxd4 21. cxd4 Nxd4 $11) 20... Qc8) 20. Bb5 $16 {[%cal Bd3b5,Bb5a4,Ba4c2][%mdl 32]} Rf8 21. Rfe1 Na7 22. Ba4 c4 23. Bc2 (23. Qxe6+ $6 Qxe6 24. Rxe6 b5 $11) 23... b5 24. Qd2 (24. Qxe6+ $6 Qxe6 25. Rxe6 Bc8 $11) 24... Nc6 25. Ng5 Bc8 26. f4 b4 27. axb4 axb4 28. Ra1 $36 {[%mdl 2048] White is pushing.} Bd7 (28... Ra7 $11) 29. Ba4 (29. Rxa8 $5 {looks sharper.} Rxa8 30. f5 Qd6 31. fxe6 Be8 32. Rf1) 29... bxc3 30. bxc3 Nd8 (30... Rxa4 $11 {and Black is okay.} 31. Rxa4 h6) 31. Bxd7 $18 Rxa1 {[#]} 32. Bxe6+ $1 {[%mdl 512]} (32. Rxa1 $6 Qxd7 33. Ra6 h6 $14) 32... Nxe6 33. Rxa1 Nxg5 34. fxg5 Qe4 35. Nh6+ Bxh6 36. gxh6 $16 {[%mdl 4096] Endgame KQR-KQR} Re8 37. Rf1 Qe3+ 38. Qxe3 Rxe3 39. Rf3 Rxf3 $4 {[%mdl 8192]} (39... Re1+ $16 40. Kh2 Re6) 40. gxf3 {KP-KP} Kf7 41. Kg2 Kf6 42. f4 $1 Kf5 43. Kf3 g5 44. fxg5 Kxg5 45. g4 $1 Kxh6 {K3P-K3P} 46. Kf4 Kg6 47. g5 (47. Ke5 $142 Kg5 48. Kxd5 Kxg4 49. Ke5 h6 50. d5 (50. Kd5 h5 51. Kc5 h4 $11) 50... Kf3 51. Kd4 h5 52. d6) 47... Kh5 $18 48. Ke5 Kxg5 {Strongly threatening ...h5.} 49. Kxd5 {KPP-KPP} h5 50. Ke6 $1 (50. Kxc4 h4 51. Kd5 h3 52. Ke6 h2 53. c4 h1=Q 54. c5 Qc6+ 55. Ke5 Kg4 56. d5 Qxc5 57. Ke4 Qc4+ 58. Ke5 Kg5 59. d6 Qd3 60. Ke6 Qe4+ 61. Kd7 Kf6 62. Kc8 Ke6 63. d7 Qc6+ 64. Kb8 Kxd7 65. Ka7 Qb5 66. Ka8 Kc7 67. Ka7 Qb7#) 50... h4 51. d5 {White wants to mate with d6.} h3 52. d6 {Threatening mate with d7.} h2 53. d7 h1=Q 54. d8=Q+ {KQ-KQ} Kg4 {And now ...Qe1+ would win.} 55. Qd4+ Kg3 56. Qxc4 Qh6+ 57. Kd7 Qg7+ 58. Kc6 Qg6+ 59. Kb7 Qb1+ 60. Qb4 $1 {[%cal Rb4b1]} Qh7+ 61. Kc6 Qh1+ 62. Kb6 $1 Qh6+ 63. Kb5 Qh5+ $2 {[%mdl 8192]} (63... Qe6 $16) 64. Qc5 $1 {[%cal Rc5h5]} Qe8+ 65. Qc6 $1 {[%cal Rc6e8]} Qb8+ 66. Ka6 $1 Qb3 67. c4 $1 Qa3+ 68. Kb5 Qb2+ 69. Kc5 Qf2+ 70. Kd6 Qf6+ 71. Kd7 Qf7+ 72. Kd8 ({Less strong is} 72. Kd6 Qf8+ 73. Kd7 Qf7+ 74. Kc8 (74. Kd6 Qf6+ 75. Kc7 Qe7+ 76. Kc8 Qf8+ 77. Kd7 Qg7+ 78. Kd8 Qf8+ 79. Kd7 $18) 74... Qf8+ 75. Kd7 Qg7+ 76. Kd8 Qf8+ 77. Kd7 $18) 72... Qf8+ 73. Kc7 $1 {Qd6+ is the strong threat.} Qe7+ 74. Kb6 Qb4+ 75. Qb5 Qd6+ 76. Kb7 Qe7+ 77. Ka6 $1 Qe6+ 78. Ka5 Qe1+ 79. Kb6 Qe3+ (79... Kf4 $142 80. c5 Qe5) 80. c5 Qd4 81. Kb7 (81. Ka6 $142 Qd8 82. Qc6) 81... Qg7+ 82. Ka6 $1 Qa1+ {[#]} 83. Qa5 $1 {[%cal Ra5a1]} Qf1+ 84. Kb7 Qb1+ 85. Qb6 Qe4+ 86. c6 {[%cal Bc5c6,Bc6c7][%mdl 32]} Kg2 87. Ka7 {White mates.} Qa4+ 88. Kb8 Qf4+ 89. c7 Kh2 90. Qb2+ Kg3 91. Qc3+ Kh2 92. Ka7 Qf2+ 93. Kb7 Qg2+ 94. Qc6 Qb2+ 95. Qb6 Qg2+ 96. Ka7 Qg7 97. Qd6+ Kg1 98. Qd1+ Kh2 99. Qe2+ Kg1 100. Kb8 Qg3 101. Qb5 Qf4 102. Kb7 Qf3+ 103. Qc6 Qf7 104. Ka8 Qa2+ {[#]} 105. Kb8 $1 Qb2+ 106. Qb7 Qe5 107. Ka8 Qa5+ 108. Qa7+ {Precision: White = 84%, Black = 55%.} 1-0